[Event "Barcelona Primavera La Lira op 4th"]
[Site "Barcelona"]
[Date "2011.04.28"]
[Round "4"]
[White "Lorente Munoz, Raul"]
[Black "Martinez Hernandez, Emili"]
[Result "1-0"]
[WhiteElo "1935"]
[BlackElo "1807"]
[PlyCount "150"]
[EventDate "2011.03.31"]
[EventType "swiss"]
[EventRounds "9"]
[EventCountry "ESP"]
[SourceTitle "EXT 2012"]
[Source "ChessBase"]
[SourceDate "2011.11.24"]
[SourceVersion "1"]
[SourceVersionDate "2011.11.24"]
[SourceQuality "1"]

1. d4 f5 2. Bg5 d6 3. c4 Nd7 4. Nc3 Ngf6 5. g3 e6 6. Bg2 Be7 7. Qc2 Nf8 8. Nf3 c6 9. 0-0 d5 10. c5 N8d7 11. b4 0-0 12. a4 Ne4 13. Bc1 Qe8 14. Ne1 Qh5 15. f3 Nxc3 16. Qxc3 Bf6 17. Bf4 g5 18. Bd6 Re8 19. Nd3 Be7 20. Bxe7 Rxe7 21. Rae1 Nf6 22. Ne5 Rg7 23. b5 cxb5 24. axb5 Nd7 25. Nd3 b6 26. c6 Nf6 27. Ra1 g4 28. Ra2 gxf3 29. exf3 Qf7 30. Rfa1 h5 31. Ne5 Qc7 32. Qc1 Kh7 33. Kf2 Qd6 34. Ra4 Ne8 35. Bf1 Qe7 36. Qf4 Qf6 37. Bd3 Nd6 38. Nd7 Bxd7 39. Qxd6 Bc8 40. Qf4 Kg8 41. Be2 Rh7 42. Qh4 Qxh4 43. gxh4 f4 44. Rg1+ Rg7 45. Raa1 Kf7 46. Bd3 Kf6 47. Rxg7 Kxg7 48. Rg1+ Kf6 49. Rg6+ Ke7 50. Rg8 Kd6 51. Rd8+ Ke7 52. Rh8 Kd6 53. Rxh5 a6 54. Re5 axb5 55. h5 Kxc6 56. h6 Bd7 57. h7 Ra2+ 58. Kg1 Ra1+ 59. Kg2 Ra2+ 60. Kh3 Ra8 61. Kg4 b4 62. Kg5 b3 63. Kg6 Be8+ 64. Kf6 Bd7 65. Kg7 b2 66. h8Q Rxh8 67. Kxh8 b5 68. Kg7 Kb6 69. h4 Ka5 70. h5 Kb4 71. h6 Kc3 72. Bb1 Kxd4 73. Kf6 Kc3 74. h7 d4 75. Ke7 d3 1-0

[Event "Barcelona Ateneu Colon op 5th"]
[Site "Barcelona"]
[Date "2010.05.04"]
[Round "4"]
[White "Lorente Munoz, Raul"]
[Black "Vives Cabau, Jordi"]
[Result "0-1"]
[WhiteElo "1951"]
[BlackElo "2082"]
[PlyCount "128"]
[EventDate "2010.04.13"]
[EventType "swiss"]
[EventRounds "9"]
[EventCountry "ESP"]
[SourceTitle "EXT 2011"]
[Source "ChessBase"]
[SourceDate "2010.11.26"]
[SourceVersion "1"]
[SourceVersionDate "2010.11.26"]
[SourceQuality "1"]

1. d4 f5 2. Bg5 c6 3. e3 Qb6 4. b3 g6 5. h4 Bg7 6. h5 h6 7. Bf4 g5 8. Bxb8 Rxb8 9. Bd3 Nf6 10. Nd2 e6 11. Nc4 Qc7 12. Ne5 0-0 13. Ne2 Nd5 14. Ng6 Rf7 15. c4 Ne7 16. Nxe7+ Rxe7 17. Rc1 d5 18. f4 g4 19. g3 Bd7 20. Nc3 Qd8 21. Kf2 Be8 22. Qd2 Rc7 23. c5 Bf7 24. Rh4 Qe8 25. Rch1 b6 26. Na4 Bf8 27. Qc2 Be7 28. R4h2 Qf8 29. Ke1 Be8 30. Kf2 Bd7 31. Ke1 Bc8 32. Kf2 b5 33. Nb2 a5 34. a3 Ra7 35. Be2 Qg7 36. Nd3 Bf6 37. Ne1 Re7 38. Qd2 Ra8 39. Ng2 Bd7 40. Ne1 Be8 41. Nd3 Qf8 42. Ne5 Bxe5 43. dxe5 d4 44. e4 fxe4 45. Qxd4 Qf5 46. Rh4 Rd7 47. Qe3 Rg7 48. Rd1 Kh7 49. Rd6 Bxh5 50. Rxc6 Rf8 51. Kg2 Be8 52. Rd6 h5 53. Bd1 Kg8 54. Bc2 Bg6 55. Qe2 b4 56. axb4 axb4 57. Rd4 Qf7 58. Rxb4 Rd8 59. Bxe4 Bxe4+ 60. Rxe4 Qb7 61. Rh1 Rgd7 62. c6 Qxc6 63. Qc4 Rd2+ 64. Kg1 Qb6+ 0-1

[Event "Barcelona La Lira Spring op 3rd"]
[Site "Barcelona"]
[Date "2010.04.29"]
[Round "3.8"]
[White "Martin Arranz, Lluis"]
[Black "Lorente Munoz, Raul"]
[Result "0-1"]
[WhiteElo "1793"]
[BlackElo "1951"]
[PlyCount "74"]
[EventDate "2010.04.15"]
[EventType "swiss"]
[EventRounds "8"]
[EventCountry "ESP"]
[SourceTitle "EXT 2024"]
[Source "ChessBase"]
[SourceDate "2023.10.10"]
[SourceVersion "1"]
[SourceVersionDate "2023.10.10"]
[SourceQuality "1"]

1. e4 c5 2. Nf3 Nf6 3. Nc3 d5 4. Bb5+ Bd7 5. e5 Bxb5 6. Nxb5 Nfd7 7. Qe2 e6 8. 0-0 a6 9. Na3 Nc6 10. c3 Qc7 11. d4 cxd4 12. cxd4 Bxa3 13. bxa3 0-0 14. Bd2 Nb6 15. Bb4 Nxb4 16. axb4 Qc4 17. Qd2 Qb5 18. Rfc1 Nc4 19. Qe1 Qd7 20. Rc3 Qe7 21. a3 b5 22. Rac1 Rfc8 23. Nd2 a5 24. Nxc4 Rxc4 25. Rxc4 bxc4 26. bxa5 Qxa3 27. Ra1 Qb2 28. Rb1 Qxd4 29. Qb4 h6 30. Qa4 Qd3 31. Ra1 Qb3 32. Qd7 Qb2 33. Rf1 Qa3 34. f4 Qxa5 35. Kh1 Qa1 36. Kg1 Qd4+ 37. Kh1 Ra1 0-1

[Event "Catalunya-ch"]
[Site "Barcelona"]
[Date "2007.04.08"]
[Round "8"]
[White "Lorente Munoz, Raul"]
[Black "Pintor Avila, Antonio"]
[Result "1-0"]
[WhiteElo "1966"]
[BlackElo "1935"]
[PlyCount "107"]
[EventDate "2007.04.01"]
[EventType "swiss"]
[EventRounds "9"]
[EventCountry "ESP"]
[SourceTitle "CBM 117 Extra"]
[Source "ChessBase"]
[SourceDate "2007.05.09"]
[SourceVersion "1"]
[SourceVersionDate "2007.05.09"]
[SourceQuality "1"]

1. d4 d5 2. c4 e6 3. Nf3 Nf6 4. Nc3 Be7 5. e3 c6 6. a3 0-0 7. Bd2 Ne4 8. Nxe4 dxe4 9. Ng1 Nd7 10. Ne2 Nf6 11. Nc3 c5 12. dxc5 Bxc5 13. b4 Bd6 14. Qc2 Be5 15. Rd1 Bxc3 16. Bxc3 Qe7 17. Be2 b6 18. Qb2 Bb7 19. 0-0 Rfd8 20. Bd4 Ne8 21. c5 a5 22. cxb6 axb4 23. Qxb4 Qxb4 24. axb4 Bd5 25. Ra1 Nd6 26. Rfc1 Rxa1 27. Rxa1 Rb8 28. Rc1 h6 29. Ba6 Ra8 30. b5 Rb8 31. Rc7 Nb7 32. Kf1 f6 33. Ke1 e5 34. Bxb7 Rxb7 35. Bc5 Rxc7 36. bxc7 Bb7 37. Kd2 Kf7 38. Kc3 Ke6 39. Kb4 Kd7 40. Bf8 g6 41. Bxh6 Kxc7 42. Bg7 f5 43. Kc5 Bc8 44. Bxe5+ Kb7 45. Bd4 Bd7 46. b6 Ba4 47. Kd6 Bb5 48. Ke5 Be2 49. Kf6 Bh5 50. Kg5 Kc6 51. h3 Be2 52. Kxg6 Bf1 53. Kxf5 Bxg2 54. h4 1-0

[Event "Catalunya-ch"]
[Site "Barcelona"]
[Date "2007.04.01"]
[Round "1"]
[White "Perpinya Rofes, Lluis Maria"]
[Black "Lorente Munoz, Raul"]
[Result "1-0"]
[WhiteElo "2375"]
[BlackElo "1966"]
[PlyCount "47"]
[EventDate "2007.04.01"]
[EventType "swiss"]
[EventRounds "9"]
[EventCountry "ESP"]
[SourceTitle "CBM 117 Extra"]
[Source "ChessBase"]
[SourceDate "2007.05.09"]
[SourceVersion "1"]
[SourceVersionDate "2007.05.09"]
[SourceQuality "1"]

1. e4 c5 2. Nf3 d6 3. d4 cxd4 4. Nxd4 Nf6 5. Nc3 a6 6. Be3 g6 7. f3 Bg7 8. Qd2 0-0 9. 0-0-0 Re8 10. Bc4 Nbd7 11. h4 b5 12. Bb3 h5 13. Bh6 Nc5 14. Kb1 Nxb3 15. axb3 Bh8 16. g4 Qb6 17. gxh5 Nxh5 18. Nde2 a5 19. Nf4 Nxf4 20. Bxf4 a4 21. h5 axb3 22. hxg6 b4 23. Rxh8+ Kg7 24. Be5+ 1-0